Developing countries and pharmaceutical multinationals : Davids and Goliaths -- but who wins? /

Disimpan dalam:
Butiran Bibliografi
Pengarang Utama: Govindaraj, Ramesh.
Pengarang Korporat: Harvard School of Public Health.
Format: Buku
Bahasa:English
Diterbitkan: 1997.
Subjek-subjek:
Penanda-penanda: Tambah Penanda
Tiada Penanda, Jadilah orang pertama menanda rekod ini!
LEADER 00685nam a2200193 a 4500
001 007720656-8
005 20020606104010.5
008 980227s1997 xx b 000|0 eng d
035 0 |a ocm84585963 
100 1 |a Govindaraj, Ramesh. 
245 1 0 |a Developing countries and pharmaceutical multinationals :  |b Davids and Goliaths -- but who wins? /  |c Ramesh Govindaraj. 
260 |c 1997. 
300 |a vii, 270 leaves ;  |c 29 cm. 
502 |a Thesis (Doctor of Science)--Harvard School of Public Health, 1997. 
504 |a Includes bibliographical references. 
650 0 |a Pharmaceutical industry  |z Developing countries. 
710 2 |a Harvard School of Public Health. 
988 |a 20020608 
906 |0 MH